[Event "76. LJUBLJANSKA SAHOVSKA LIGA 2024"]
[Site "gostovanja"]
[Date "2024.04.04"]
[Round "7.1"]
[White "Plaskan, Jure"]
[Black "Olenik Campa, Rudi"]
[Result "1/2-1/2"]
[WhiteElo "2262"]
[BlackElo "2299"]
[PlyCount "64"]
[EventDate "2024.01.18"]
[WhiteTeam "SD DOMZALE"]
[BlackTeam "SK LJUBLJANA TAJFUN"]

1. e4 c5 2. Nf3 Nc6 3. d4 cxd4 4. Nxd4 Nf6 5. Nc3 e5 6. Ndb5 d6 7. Bg5 a6 8.
Na3 b5 9. Nd5 Be7 10. Bxf6 Bxf6 11. c4 b4 12. Nc2 O-O 13. Qf3 Bg5 14. h4 Bh6
15. g4 f6 16. Be2 Be6 17. Rd1 a5 18. Rg1 Ne7 19. Nce3 Bxe3 20. Qxe3 Nc6 21. Bd3
Nd4 22. Nf4 Qc8 23. Ne2 Nxe2 24. Bxe2 Qc5 25. Qxc5 dxc5 26. Rd6 Kf7 27. g5 Ke7
28. Rc6 Rfc8 29. gxf6+ Kxf6 30. Rb6 Rcb8 31. Rc6 Rc8 32. Rb6 Rcb8 1/2-1/2

[Event "76. LJUBLJANSKA SAHOVSKA LIGA 2024"]
[Site "gostovanja"]
[Date "2024.04.04"]
[Round "7.1"]
[White "Zmavc, Mark"]
[Black "Debevec, Blaz"]
[Result "1/2-1/2"]
[WhiteElo "1960"]
[BlackElo "2077"]
[PlyCount "84"]
[EventDate "2024.01.18"]
[WhiteTeam "SK LJUBLJANA TAJFUN"]
[BlackTeam "SD DOMZALE"]

1. d4 Nf6 2. Bg5 Ne4 3. h4 c5 4. d5 Qb6 5. Nd2 Nxd2 6. Bxd2 Qxb2 7. e4 g6 8.
Rb1 Qe5 9. Bd3 Bg7 10. f4 Qc7 11. c4 d6 12. h5 e6 13. hxg6 fxg6 14. Nf3 exd5
15. exd5 O-O 16. Qc2 Na6 17. Ng5 Qe7+ 18. Kd1 Bg4+ 19. Kc1 Nb4 20. Rxb4 cxb4
21. Nxh7 Rf5 22. Ng5 Qf6 23. Ne6 Rxd5 24. Nxg7 Rxd3 25. Qxd3 Kxg7 26. Bxb4 Bf5
27. Qc3 Qxc3+ 28. Bxc3+ Kf7 29. Rh7+ Ke6 30. Rxb7 Rc8 31. Kd2 Rxc4 32. Rb4 Kd5
33. Rxc4 Kxc4 34. Bf6 Bb1 35. a3 a5 36. Be7 d5 37. g4 d4 38. f5 gxf5 39. gxf5
Bxf5 40. Bf8 Kb3 41. Be7 Kc4 42. Bf8 Kb3 1/2-1/2

[Event "76. LJUBLJANSKA SAHOVSKA LIGA 2024"]
[Site "gostovanja"]
[Date "2024.04.04"]
[Round "7.1"]
[White "Osolin, Bojan"]
[Black "Juvan, Vid"]
[Result "1-0"]
[WhiteElo "2086"]
[BlackElo "1517"]
[PlyCount "81"]
[EventDate "2024.01.18"]
[WhiteTeam "SD DOMZALE"]
[BlackTeam "SK LJUBLJANA TAJFUN"]

1. e4 c6 2. d4 d5 3. exd5 cxd5 4. c4 Nf6 5. Nc3 g6 6. Qb3 Bg7 7. cxd5 O-O 8.
Nge2 Nbd7 9. g3 Nb6 10. Bg2 Bf5 11. Bf4 Qd7 12. Be5 Bh3 13. Bxh3 Qxh3 14. Nf4
Qg4 15. O-O h5 16. Rad1 h4 17. Kg2 Nh5 18. h3 Nxf4+ 19. Bxf4 Qf5 20. d6 Bf6 21.
dxe7 Bxe7 22. Rfe1 Bf6 23. Qb5 Qxb5 24. Nxb5 Nd5 25. Be5 hxg3 26. fxg3 Bg5 27.
Kf3 f6 28. Bd6 Rfd8 29. h4 Bh6 30. Ba3 g5 31. Nd6 g4+ 32. Kxg4 Ne3+ 33. Kh5
Nxd1 34. Kxh6 Nxb2 35. Re7 Rxd6 36. Bxd6 Nc4 37. Rg7+ Kh8 38. Be7 Ne3 39. g4 f5
40. Bf6 Nxg4+ 41. Rxg4# 1-0

[Event "76. LJUBLJANSKA SAHOVSKA LIGA 2024"]
[Site "gostovanja"]
[Date "2024.04.04"]
[Round "7.1"]
[White "Glavac, Leo"]
[Black "Cesnik, Sebastjan"]
[Result "1-0"]
[WhiteElo "1435"]
[BlackElo "1469"]
[PlyCount "71"]
[EventDate "2024.01.18"]
[WhiteTeam "SK LJUBLJANA TAJFUN"]
[BlackTeam "SD DOMZALE"]

1. e4 c6 2. d4 d5 3. e5 Bf5 4. Bd3 Bxd3 5. Qxd3 e6 6. Nf3 Nd7 7. O-O c5 8. c3
a6 9. a3 Rc8 10. b4 c4 11. Qc2 Ne7 12. h3 Nf5 13. Be3 Be7 14. Nbd2 O-O 15. Rae1
b5 16. Nh2 Nb6 17. g4 Nh4 18. f4 Na4 19. f5 exf5 20. gxf5 Bg5 21. f6 gxf6 22.
Bxg5 fxg5 23. Ng4 Ng6 24. Qf5 Rc7 25. Nf6+ Kh8 26. Qxg5 Kg7 27. Nh5+ Kh8 28.
Qh6 Rg8 29. Nf6 Rg7 30. Nf3 Nxc3 31. Ng5 Nf8 32. Kh2 Rc6 33. Rg1 Rxf6 34. exf6
Qb8+ 35. Re5 Rg6 36. Nxf7+ 1-0

[Event "76. LJUBLJANSKA SAHOVSKA LIGA 2024"]
[Site "gostovanja"]
[Date "2024.04.04"]
[Round "7.2"]
[White "Justin, Matjaz"]
[Black "Benko, Bostjan"]
[Result "1-0"]
[WhiteElo "2209"]
[BlackElo "1835"]
[PlyCount "91"]
[EventDate "2024.01.18"]
[WhiteTeam "SD VRHNIKA"]
[BlackTeam "SK ZAGORJE OB SAVI"]

1. e4 c6 2. d4 d5 3. Nd2 dxe4 4. Nxe4 Nf6 5. Nxf6+ exf6 6. c3 Bd6 7. Bd3 O-O 8.
Ne2 Re8 9. Qc2 h5 10. Be3 Nd7 11. O-O-O Nf8 12. Kb1 Qc7 13. Ng3 g6 14. Ne4 Kg7
15. c4 Bf4 16. Bxf4 Qxf4 17. g3 Qc7 18. f4 Bg4 19. Rde1 Bf3 20. Rhf1 Bxe4 21.
Bxe4 f5 22. Bf3 Qd7 23. Qc3 f6 24. d5 cxd5 25. Bxd5 Ne6 26. Qb4 Rab8 27. Bxe6
Qd3+ 28. Ka1 Rxe6 29. Rxe6 Qxf1+ 30. Re1 Qf2 31. a3 Rf8 32. Re7+ Rf7 33. Rxf7+
Kxf7 34. Qxb7+ Kg8 35. Qd5+ Kg7 36. c5 Qxh2 37. c6 Qc2 38. Qd7+ Kh6 39. c7 Qc1+
40. Ka2 Qc4+ 41. Kb1 Qe4+ 42. Kc1 Qe3+ 43. Qd2 Qg1+ 44. Kc2 Qc5+ 45. Qc3 Qf2+
46. Kb1 1-0

[Event "76. LJUBLJANSKA SAHOVSKA LIGA 2024"]
[Site "gostovanja"]
[Date "2024.04.04"]
[Round "7.2"]
[White "Medvesek, Janez"]
[Black "Siraj, Anej"]
[Result "0-1"]
[WhiteElo "1893"]
[BlackElo "2037"]
[PlyCount "92"]
[EventDate "2024.01.18"]
[WhiteTeam "SK ZAGORJE OB SAVI"]
[BlackTeam "SD VRHNIKA"]

1. d4 d5 2. c4 e6 3. Nc3 Nf6 4. Bg5 Be7 5. e3 b6 6. cxd5 exd5 7. Nf3 Be6 8. Bd3
Nbd7 9. O-O c5 10. dxc5 bxc5 11. Rc1 O-O 12. Qc2 Rb8 13. Bf4 Rb4 14. a3 Rb7 15.
Ba6 Rb6 16. Be2 Nh5 17. Bg3 Nxg3 18. hxg3 Rb7 19. Rcd1 Nf6 20. Ba6 Rb6 21. Be2
d4 22. exd4 Bb3 23. dxc5 Qb8 24. Qf5 Rc6 25. Rde1 Rxc5 26. Qb1 Bd6 27. Nd4 Rfc8
28. Nxb3 Qxb3 29. Bd1 Qb6 30. Bf3 Bxg3 31. Qc2 g6 32. Qd2 Rd8 33. Qe3 Re8 34.
Qd2 Rce5 35. Rxe5 Bxe5 36. Na4 Qb3 37. Qc2 Qb8 38. b4 Bf4 39. Rd1 Qe5 40. Qc3
Qg5 41. Qc2 Ng4 42. Nc5 Qh4 43. g3 Qh2+ 44. Kf1 Ne3+ 45. fxe3 Qxc2 46. exf4 Re3
0-1

[Event "76. LJUBLJANSKA SAHOVSKA LIGA 2024"]
[Site "gostovanja"]
[Date "2024.04.04"]
[Round "7.2"]
[White "Praznik, Anton"]
[Black "Osojnik, Brin"]
[Result "1-0"]
[WhiteElo "1990"]
[BlackElo "1234"]
[PlyCount "85"]
[EventDate "2024.01.18"]
[WhiteTeam "SD VRHNIKA"]
[BlackTeam "SK ZAGORJE OB SAVI"]

1. e4 e5 2. Nf3 Nc6 3. Bb5 d6 4. d4 Bd7 5. Nc3 h6 6. Bxc6 Bxc6 7. dxe5 dxe5 8.
Qxd8+ Rxd8 9. Nxe5 Bd7 10. Nd5 Bd6 11. Nc4 Bc6 12. Nxd6+ cxd6 13. O-O Bxd5 14.
exd5 Nf6 15. Re1+ Kd7 16. c4 Rhe8 17. Be3 Re4 18. b3 Rde8 19. Bd2 Rd4 20. Bc3
Rde4 21. Kf1 Rf4 22. Rxe8 Kxe8 23. Bxf6 Rxf6 24. Re1+ Kd7 25. Re4 Rf5 26. h4
Re5 27. Rxe5 dxe5 28. c5 f5 29. h5 b6 30. b4 a5 31. a3 axb4 32. axb4 bxc5 33.
bxc5 Kc7 34. Ke2 Kb7 35. Ke3 Ka6 36. g4 Kb5 37. d6 Kc6 38. gxf5 Kd7 39. Ke4 Ke8
40. c6 Kd8 41. Kxe5 g5 42. f6 Ke8 43. Ke6 1-0

[Event "76. LJUBLJANSKA SAHOVSKA LIGA 2024"]
[Site "gostovanja"]
[Date "2024.04.04"]
[Round "7.2"]
[White "Grcar, Janez"]
[Black "Sirk, Matija"]
[Result "0-1"]
[WhiteElo "1000"]
[BlackElo "1625"]
[PlyCount "110"]
[EventDate "2024.01.18"]
[WhiteTeam "SK ZAGORJE OB SAVI"]
[BlackTeam "SD VRHNIKA"]

1. Nf3 c5 2. d4 Nf6 3. c4 cxd4 4. Qxd4 Nc6 5. Qd1 e6 6. Nc3 Bb4 7. Bd2 O-O 8.
Rc1 a6 9. Qc2 d5 10. e3 Re8 11. a3 Bf8 12. Be2 dxc4 13. Bxc4 b5 14. Bd3 Bb7 15.
O-O b4 16. Ne4 h6 17. Rfd1 Rc8 18. Qb1 Nxe4 19. Bxe4 Qb6 20. a4 Na5 21. Bh7+
Kh8 22. Ne5 f5 23. Bg6 Be4 24. Qa2 Bd5 25. Qb1 Be4 26. Nd3 Red8 27. Rxc8 Rxc8
28. f3 Bxd3 29. Qxd3 Rd8 30. Qe2 Bc5 31. Bc1 Rxd1+ 32. Qxd1 Bxe3+ 33. Bxe3
Qxe3+ 34. Kf1 Nb7 35. Qe2 Qxe2+ 36. Kxe2 Nc5 37. Be8 f4 38. h4 Kg8 39. Bc6 Kf7
40. h5 Kf6 41. Be8 Ke5 42. Bc6 Kd4 43. Kd2 Kc4 44. a5 Kb3 45. g4 fxg3 46. Ke2
Kxb2 47. f4 Kc1 48. Kf3 b3 49. Be4 Nxe4 50. Kxe4 b2 51. Ke5 b1=Q 52. Kxe6 Qe4+
53. Kf7 Qxf4+ 54. Kxg7 Qe5+ 55. Kh7 Kc2 0-1

[Event "76. LJUBLJANSKA SAHOVSKA LIGA 2024"]
[Site "gostovanja"]
[Date "2024.04.04"]
[Round "7.3"]
[White "Hiti, Domen"]
[Black "Porenta, Matija"]
[Result "1-0"]
[WhiteElo "2241"]
[BlackElo "1775"]
[PlyCount "69"]
[EventDate "2024.01.18"]
[WhiteTeam "SK IG"]
[BlackTeam "SK MEDVODE"]

1. d4 Nf6 2. c4 g6 3. Nc3 d6 4. e4 Bg7 5. Nf3 O-O 6. Be2 e5 7. d5 a5 8. Bg5 h6
9. Bh4 Bg4 10. O-O Nbd7 11. h3 Bxf3 12. Bxf3 g5 13. Bg3 Nc5 14. b3 Qd7 15. Re1
c6 16. Qd2 Qc7 17. Rad1 Rad8 18. Qe3 cxd5 19. Nxd5 Nxd5 20. cxd5 f5 21. exf5
Rxf5 22. h4 Qe7 23. Bg4 Rff8 24. h5 Qc7 25. Rc1 b5 26. a3 Qb7 27. b4 axb4 28.
axb4 Nd7 29. Be6+ Kh8 30. Rc6 Nf6 31. Rec1 Nxh5 32. Rc7 Qb8 33. Qe4 Nf6 34. Qg6
Ne8 35. Rxg7 1-0

[Event "76. LJUBLJANSKA SAHOVSKA LIGA 2024"]
[Site "gostovanja"]
[Date "2024.04.04"]
[Round "7.3"]
[White "Cedilnik, Branko"]
[Black "Janzelj, Lara"]
[Result "0-1"]
[WhiteElo "1483"]
[BlackElo "2167"]
[PlyCount "80"]
[EventDate "2024.01.18"]
[WhiteTeam "SK MEDVODE"]
[BlackTeam "SK IG"]

1. d4 d5 2. c4 c6 3. cxd5 cxd5 4. Nf3 Nf6 5. Nc3 Nc6 6. Bf4 a6 7. e3 Bg4 8. Be2
e6 9. a3 Be7 10. h3 Bh5 11. O-O O-O 12. Ne5 Bxe2 13. Qxe2 Rc8 14. Rac1 Nxe5 15.
dxe5 Nd7 16. Qg4 Kh8 17. Ne2 Qb6 18. b4 a5 19. Bg3 axb4 20. axb4 Qxb4 21. Qxb4
Bxb4 22. Rb1 Rc4 23. f4 g6 24. Be1 Bxe1 25. Rfxe1 b6 26. Kf2 Rb8 27. Nd4 Nc5
28. Re2 Ne4+ 29. Kf3 Nc3 30. Reb2 Nxb1 31. Rxb1 Rc5 32. g4 b5 33. h4 b4 34. h5
gxh5 35. gxh5 h6 36. f5 exf5 37. Nxf5 b3 38. Nd6 b2 39. Nxf7+ Kg7 40. Nd6 Rc1
0-1

[Event "76. LJUBLJANSKA SAHOVSKA LIGA 2024"]
[Site "gostovanja"]
[Date "2024.04.04"]
[Round "7.3"]
[White "Rozic, Adrijan"]
[Black "Sajovic, Marko"]
[Result "0-1"]
[WhiteElo "2014"]
[BlackElo "1000"]
[PlyCount "68"]
[EventDate "2024.01.18"]
[WhiteTeam "SK IG"]
[BlackTeam "SK MEDVODE"]

1. e4 d5 2. exd5 Qxd5 3. Nc3 Qa5 4. g3 c6 5. Bg2 Nf6 6. Nf3 Bg4 7. O-O e6 8. h3
Bh5 9. a3 Nbd7 10. d3 Bd6 11. Ne4 Nxe4 12. dxe4 Qc7 13. Qe1 h6 14. Bd2 g5 15.
Bc3 Rg8 16. e5 Be7 17. Nd2 Bg6 18. Rc1 Nb6 19. Ba5 Qd7 20. Qe2 Qd4 21. Bc3 Qa4
22. Ne4 Nd5 23. Bd2 O-O-O 24. c4 Nb6 25. Be3 Qa5 26. Bxb6 axb6 27. c5 bxc5 28.
Rfd1 Rd4 29. Kh2 Rgd8 30. Nd6+ Bxd6 31. Rxd4 cxd4 32. exd6 Rxd6 33. b4 Qxa3 34.
b5 Qxc1 0-1

[Event "76. LJUBLJANSKA SAHOVSKA LIGA 2024"]
[Site "gostovanja"]
[Date "2024.04.04"]
[Round "7.4"]
[White "Gantar, Jan"]
[Black "Jakob, Matthias"]
[Result "1/2-1/2"]
[WhiteElo "2180"]
[BlackElo "2007"]
[PlyCount "45"]
[EventDate "2024.01.18"]
[WhiteTeam "SK KOMENDA POPOTNIK"]
[BlackTeam "SK TRZIN BUSCOTRADE"]

1. e4 e6 2. d4 d5 3. Nd2 Nf6 4. e5 Nfd7 5. Bd3 c5 6. c3 Nc6 7. Ne2 cxd4 8. cxd4
f6 9. exf6 Nxf6 10. Nf3 Bd6 11. O-O O-O 12. Bf4 Bxf4 13. Nxf4 Ne4 14. g3 Qf6
15. h4 h6 16. h5 Rd8 17. Re1 Nxd4 18. Nxd4 Qxd4 19. Bxe4 dxe4 20. Qb3 Qb6 21.
Rxe4 Rd2 22. Qxb6 axb6 23. Re2 1/2-1/2

[Event "76. LJUBLJANSKA SAHOVSKA LIGA 2024"]
[Site "gostovanja"]
[Date "2024.04.04"]
[Round "7.4"]
[White "Lah, Emil"]
[Black "Zidar, Jernej"]
[Result "0-1"]
[WhiteElo "1943"]
[BlackElo "2000"]
[PlyCount "76"]
[EventDate "2024.01.18"]
[WhiteTeam "SK TRZIN BUSCOTRADE"]
[BlackTeam "SK KOMENDA POPOTNIK"]

1. e4 c5 2. Nf3 d6 3. d4 cxd4 4. Nxd4 Nf6 5. Nc3 h6 6. Bc4 e6 7. Bb3 b5 8. O-O
Be7 9. f4 O-O 10. a3 Bb7 11. Re1 Qc7 12. f5 e5 13. Nf3 Nbd7 14. Nd5 Nxd5 15.
exd5 Nb6 16. Qd3 Nxd5 17. Nxe5 dxe5 18. Bxd5 Qc5+ 19. Kh1 Bxd5 20. b4 Qf2 21.
Rg1 Rfd8 22. Qh3 Be4 23. Be3 Qxc2 24. Rac1 Qd3 25. f6 Bxf6 26. Rge1 Qxa3 27.
Qg4 Bg6 28. Bc5 h5 29. Qe2 Qd3 30. Qf2 Qd2 31. Qg1 h4 32. h3 Rd3 33. Be3 Qa2
34. Ra1 Qd5 35. Kh2 Rc8 36. Bc5 Bg5 37. Qf2 Bf4+ 38. Kg1 Bg3 0-1

[Event "76. LJUBLJANSKA SAHOVSKA LIGA 2024"]
[Site "gostovanja"]
[Date "2024.04.04"]
[Round "7.4"]
[White "Juhant, Igor"]
[Black "Krupenko, Peter"]
[Result "1-0"]
[WhiteElo "1957"]
[BlackElo "1974"]
[PlyCount "123"]
[EventDate "2024.01.18"]
[WhiteTeam "SK KOMENDA POPOTNIK"]
[BlackTeam "SK TRZIN BUSCOTRADE"]

1. e4 e5 2. Nc3 Nc6 3. f4 exf4 4. Nf3 g6 5. d4 Bg7 6. Bxf4 d6 7. Bb5 a6 8.
Bxc6+ bxc6 9. O-O Ne7 10. e5 O-O 11. Ne4 Nd5 12. Bg5 f6 13. exf6 Nxf6 14. Nfd2
d5 15. Nxf6+ Bxf6 16. Rxf6 Rxf6 17. Qe2 Re6 18. Qxe6+ Bxe6 19. Bxd8 Rxd8 20.
Nf3 Bf5 21. Ne5 Re8 22. g4 Be4 23. Nxc6 Bxc2 24. Nb4 Be4 25. Nxa6 Rc8 26. Rc1
Ra8 27. Nb4 Rb8 28. a3 Rb7 29. Kf2 Kf7 30. Ke3 Kf6 31. Kf4 g5+ 32. Ke3 h6 33.
Rc6+ Kg7 34. Kd2 Bf3 35. h3 Bg2 36. Rc3 Kg6 37. Nd3 Kg7 38. Nb4 Kg6 39. Rg3 Be4
40. Kc3 h5 41. Nc6 h4 42. Re3 Rb6 43. Ne5+ Kg7 44. b4 Bg6 45. a4 Be8 46. Kb3
Rb8 47. Nf3 Kf6 48. Re5 Bg6 49. Nxg5 c6 50. Nf3 Rh8 51. b5 cxb5 52. axb5 Be4
53. Ng5 Bg6 54. Kb4 Rd8 55. b6 Rb8 56. Kc5 Rc8+ 57. Kxd5 Rc3 58. b7 Rb3 59. Kc6
Rc3+ 60. Kb6 Bd3 61. b8=Q Rb3+ 62. Kc7 1-0

[Event "76. LJUBLJANSKA SAHOVSKA LIGA 2024"]
[Site "gostovanja"]
[Date "2024.04.04"]
[Round "7.4"]
[White "Krumpak, Hinko"]
[Black "Dolzan, Mark"]
[Result "1-0"]
[WhiteElo "2017"]
[BlackElo "1301"]
[PlyCount "45"]
[EventDate "2024.01.18"]
[WhiteTeam "SK TRZIN BUSCOTRADE"]
[BlackTeam "SK KOMENDA POPOTNIK"]

1. c4 e5 2. Nc3 Bb4 3. Qc2 Nc6 4. e3 d6 5. a3 Bxc3 6. Qxc3 a5 7. b3 Bf5 8. Nf3
Qf6 9. Bb2 Qg6 10. Nh4 Qg5 11. Nxf5 Qxf5 12. Be2 Nf6 13. O-O O-O 14. d3 Nd7 15.
b4 f6 16. c5 Rfc8 17. Qc4+ Kh8 18. Bg4 d5 19. Bxf5 dxc4 20. Bxd7 Rd8 21. Bxc6
bxc6 22. d4 Rdb8 23. dxe5 1-0

[Event "76. LJUBLJANSKA SAHOVSKA LIGA 2024"]
[Site "gostovanja"]
[Date "2024.04.04"]
[Round "7.5"]
[White "Lanjscek, Miha"]
[Black "Marn, Jan"]
[Result "1-0"]
[WhiteElo "1745"]
[BlackElo "2322"]
[PlyCount "57"]
[EventDate "2024.01.18"]
[WhiteTeam "SK TRZIN"]
[BlackTeam "SD MENGES - TRZIN"]

1. d4 Nf6 2. c4 g6 3. Nc3 d5 4. cxd5 Nxd5 5. Qb3 Nxc3 6. bxc3 Bg7 7. h4 c5 8.
e3 h6 9. Nf3 Nc6 10. Be2 O-O 11. O-O cxd4 12. cxd4 e5 13. h5 exd4 14. exd4 Nxd4
15. Nxd4 Qxd4 16. Be3 Qf6 17. Rad1 b6 18. Bd4 Qg5 19. Bxg7 Kxg7 20. hxg6 fxg6
21. Bf3 Bg4 22. Qc3+ Kh7 23. Qc7+ Kh8 24. Bxg4 Qxg4 25. Rd7 Qxd7 26. Qxd7 Kg8
27. Rc1 Rf7 28. Qe6 Kg7 29. Rc6 1-0

[Event "76. LJUBLJANSKA SAHOVSKA LIGA 2024"]
[Site "gostovanja"]
[Date "2024.04.04"]
[Round "7.5"]
[White "Mihelic, Vesna"]
[Black "Rijavec, Stane"]
[Result "1-0"]
[WhiteElo "2112"]
[BlackElo "1808"]
[PlyCount "49"]
[EventDate "2024.01.18"]
[WhiteTeam "SD MENGES - TRZIN"]
[BlackTeam "SK TRZIN"]

1. e4 c5 2. Nf3 e6 3. c4 Nc6 4. Nc3 d6 5. d4 cxd4 6. Nxd4 Nf6 7. Be2 Be7 8. O-O
a6 9. Be3 O-O 10. f4 Qc7 11. Rc1 Bd7 12. Bf3 Rab8 13. Nd5 exd5 14. cxd5 Qa5 15.
dxc6 bxc6 16. Nxc6 Bxc6 17. Rxc6 Rxb2 18. Qd4 Qxa2 19. e5 dxe5 20. fxe5 Rd8 21.
exf6 Bxf6 22. Qg4 h5 23. Qxh5 g6 24. Qc5 Kg7 25. Rxf6 1-0

[Event "76. LJUBLJANSKA SAHOVSKA LIGA 2024"]
[Site "gostovanja"]
[Date "2024.04.04"]
[Round "7.5"]
[White "Konvalinka, Kostja"]
[Black "Veskovic, Dzemal"]
[Result "0-1"]
[WhiteElo "1682"]
[BlackElo "1811"]
[PlyCount "134"]
[EventDate "2024.01.18"]
[WhiteTeam "SK TRZIN"]
[BlackTeam "SD MENGES - TRZIN"]

1. e4 e6 2. d4 d6 3. Nf3 Be7 4. Bf4 Nd7 5. Bc4 a6 6. O-O b5 7. Bd3 c5 8. dxc5
Nxc5 9. Re1 e5 10. Be3 Ne6 11. a3 Nf6 12. Nc3 Bb7 13. Qd2 O-O 14. Rad1 Rc8 15.
Ng5 Ng4 16. Nf3 Nxe3 17. Qxe3 h6 18. Bf1 Qc7 19. Bd3 Nf4 20. Bf1 Qc5 21. g3
Qxe3 22. Rxe3 Ng6 23. Bh3 Rc7 24. Rd2 Rb8 25. Red3 Nf8 26. Nd5 Bxd5 27. Rxd5 g5
28. c3 Nh7 29. Bf5 Nf6 30. R5d3 a5 31. Ne1 b4 32. axb4 axb4 33. f3 h5 34. h3
Kg7 35. Ng2 bxc3 36. bxc3 Rb1+ 37. Kf2 Rc1 38. Ra2 R1xc3 39. Rxc3 Rxc3 40. Ra7
Bd8 41. Ne3 Bb6 42. Ra6 Bxe3+ 43. Ke2 Bc5 44. Rc6 Re3+ 45. Kf2 Ra3+ 46. Ke2 Ra7
47. Rc8 Re7 48. Kd3 Bf2 49. g4 hxg4 50. hxg4 d5 51. exd5 Nxd5 52. Ke4 Nf6+ 53.
Kd3 Bg3 54. Rc6 Ra7 55. Rb6 Ne8 56. Kc4 Nc7 57. Rc6 Ra4+ 58. Kd3 Rd4+ 59. Ke3
Nd5+ 60. Ke2 Bf4 61. Ra6 Nc3+ 62. Kf2 Rd2+ 63. Ke1 Be3 64. Ra1 Re2+ 65. Kf1
Rf2+ 66. Kg1 Ne2+ 67. Kh1 Bf4 0-1

[Event "76. LJUBLJANSKA SAHOVSKA LIGA 2024"]
[Site "gostovanja"]
[Date "2024.04.04"]
[Round "7.5"]
[White "Simicak, Metod"]
[Black "Banko, Franci"]
[Result "1-0"]
[WhiteElo "1746"]
[BlackElo "1396"]
[PlyCount "111"]
[EventDate "2024.01.18"]
[WhiteTeam "SD MENGES - TRZIN"]
[BlackTeam "SK TRZIN"]

1. e4 c5 2. Nc3 Nc6 3. Bb5 e5 4. Bxc6 bxc6 5. d3 Be7 6. f4 exf4 7. Bxf4 d6 8.
Nf3 Bg4 9. O-O Nf6 10. h3 Bh5 11. e5 Nd5 12. exd6 Bxd6 13. Bxd6 Qxd6 14. Re1+
Ne7 15. Ne4 Qd5 16. c4 Bxf3 17. Qxf3 Qd4+ 18. Nf2 Rc8 19. Qe4 Rc7 20. Qe5 Kd8
21. Re4 Qxe5 22. Rxe5 Re8 23. Rae1 Rc8 24. Rxc5 Ng6 25. Rxe8+ Kxe8 26. g3 Kd7
27. Ra5 Rc7 28. d4 Ne7 29. Nd3 g6 30. g4 f5 31. Kf2 Ke6 32. Kf3 Kf6 33. Ra6 Kg5
34. Ne5 h5 35. gxh5 Kxh5 36. b4 Kh4 37. c5 Kxh3 38. a4 g5 39. b5 g4+ 40. Kf2
Kh2 41. Ke2 g3 42. Nf3+ Kh1 43. b6 axb6 44. cxb6 Rb7 45. Ra7 Rxb6 46. Rxe7 Rb2+
47. Ke3 Rb3+ 48. Kf4 Kg2 49. Re2+ Kf1 50. Rc2 g2 51. Nd2+ Ke1 52. Nxb3 g1=Q 53.
Rc1+ Kf2 54. Rxg1 Kxg1 55. Kxf5 Kf2 56. Na5 1-0

[Event "76. LJUBLJANSKA SAHOVSKA LIGA 2024"]
[Site "gostovanja"]
[Date "2024.04.04"]
[Round "7.6"]
[White "Ribicic, Marko"]
[Black "Skok, Boris"]
[Result "0-1"]
[WhiteElo "1716"]
[BlackElo "1925"]
[PlyCount "88"]
[EventDate "2024.01.18"]
[WhiteTeam "ZELENCI LPP"]
[BlackTeam "SD CRNI GRABEN"]

1. e4 c5 2. Nc3 e6 3. Nf3 Nc6 4. Bc4 Nf6 5. d4 cxd4 6. Nxd4 Qc7 7. Bb3 a6 8.
O-O Be7 9. Be3 b5 10. Nxc6 Qxc6 11. f3 d6 12. Qe2 O-O 13. Qf2 Bb7 14. Rad1 a5
15. a4 b4 16. Nb5 Ba6 17. Nd4 Qb7 18. Rfe1 Nd7 19. c3 Nc5 20. Bc2 b3 21. Bb1
Nxa4 22. f4 Nc5 23. Bc1 f6 24. Nf3 Bc4 25. Kh1 Qa6 26. Qe3 Rfe8 27. e5 dxe5 28.
fxe5 f5 29. Rd4 Bb5 30. Red1 Bc6 31. Nd2 Qb7 32. Qh3 Bd5 33. Nf1 Be4 34. Be3
Bxb1 35. Rxb1 Ne4 36. Rbd1 Red8 37. Qh5 Rxd4 38. cxd4 Rc8 39. d5 g6 40. Qf3
exd5 41. Ng3 Rc2 42. Bd4 Ng5 43. Qe3 Ne6 44. h3 f4 0-1

[Event "76. LJUBLJANSKA SAHOVSKA LIGA 2024"]
[Site "gostovanja"]
[Date "2024.04.04"]
[Round "7.6"]
[White "Hribar, Janez"]
[Black "Novakovic, Gosto"]
[Result "0-1"]
[WhiteElo "1868"]
[BlackElo "1706"]
[PlyCount "94"]
[EventDate "2024.01.18"]
[WhiteTeam "SD CRNI GRABEN"]
[BlackTeam "ZELENCI LPP"]

1. c4 e6 2. d4 d5 3. Nc3 Nf6 4. Bg5 Nbd7 5. e3 Be7 6. Nf3 h6 7. Bh4 c6 8. Bd3
dxc4 9. Bxc4 Nd5 10. Bxe7 Qxe7 11. Rc1 Qb4 12. Bb3 O-O 13. O-O N7f6 14. Ne5 Nd7
15. Nd3 Qe7 16. a3 Re8 17. Qc2 Qg5 18. Ne2 e5 19. f4 Qg6 20. Bxd5 cxd5 21. fxe5
Nb6 22. Ndf4 Qg5 23. b3 Bf5 24. Qd2 Rac8 25. Rxc8 Nxc8 26. Rc1 Bg4 27. Rc7 b6
28. Nc3 Bf3 29. Ncxd5 Be4 30. e6 Bxd5 31. Nxd5 Qxd5 32. exf7+ Kh8 33. Qf2 Qd6
34. Rb7 Qxa3 35. Qg3 Rf8 36. Qc7 Nd6 37. Rb8 Nxf7 38. Rxf8+ Qxf8 39. Qxa7 Qe8
40. Qxb6 Qxe3+ 41. Kf1 Qd3+ 42. Kf2 Ng5 43. h3 Ne4+ 44. Kg1 Qe3+ 45. Kh1 Ng3+
46. Kh2 Ne2 47. h4 Qg3+ 0-1

[Event "76. LJUBLJANSKA SAHOVSKA LIGA 2024"]
[Site "gostovanja"]
[Date "2024.04.04"]
[Round "7.6"]
[White "Becic, Semso"]
[Black "Majcen, Zoran"]
[Result "0-1"]
[WhiteElo "1595"]
[BlackElo "1797"]
[PlyCount "54"]
[EventDate "2024.01.18"]
[WhiteTeam "ZELENCI LPP"]
[BlackTeam "SD CRNI GRABEN"]

1. e4 e6 2. Nf3 d5 3. e5 c5 4. c3 Qb6 5. Na3 Nc6 6. Bb5 Bd7 7. Bxc6 Bxc6 8. d3
Ne7 9. b3 Ng6 10. Nc2 Be7 11. d4 O-O 12. O-O Rac8 13. Be3 Bb5 14. Re1 a5 15.
Rb1 Qc6 16. Qd2 Ba6 17. h3 b5 18. a3 b4 19. a4 cxd4 20. Bxd4 bxc3 21. Qe3 Rb8
22. Kh2 Rfc8 23. Ng1 Bb4 24. Qg3 Ne7 25. Rbd1 Bc5 26. Qxc3 Bxd4 27. Qxc6 Bxe5+
0-1

[Event "76. LJUBLJANSKA SAHOVSKA LIGA 2024"]
[Site "gostovanja"]
[Date "2024.04.04"]
[Round "7.6"]
[White "Erazem, Franc"]
[Black "Levacic, Matic"]
[Result "1-0"]
[WhiteElo "1479"]
[BlackElo "1000"]
[PlyCount "111"]
[EventDate "2024.01.18"]
[WhiteTeam "SD CRNI GRABEN"]
[BlackTeam "ZELENCI LPP"]

1. e4 e6 2. d4 d5 3. e5 c5 4. c3 Nc6 5. Bb5 Bd7 6. Bxc6 Bxc6 7. Ne2 Ne7 8. O-O
Nf5 9. Ng3 Nxg3 10. fxg3 Be7 11. Nd2 Qb6 12. Nf3 O-O 13. b3 f6 14. Bf4 fxe5 15.
Bxe5 Bb5 16. Re1 Bf6 17. Bxf6 Rxf6 18. Qd2 Raf8 19. Qe3 cxd4 20. cxd4 Qa6 21.
a4 Bd3 22. b4 Be4 23. Rf1 Qc4 24. b5 Qd3 25. Qxd3 Bxd3 26. Rf2 Rc8 27. h3 Rc3
28. g4 Be4 29. Ng5 Rxf2 30. Kxf2 Rc2+ 31. Kg3 Rxg2+ 32. Kf4 Rf2+ 33. Kg3 Rg2+
34. Kf4 Rf2+ 35. Ke3 Rh2 36. Rc1 g6 37. Rc8+ Kg7 38. Nxe6+ Kf6 39. Nf4 g5 40.
Nh5+ Kg6 41. Rg8+ Kf7 42. Rxg5 Rxh3+ 43. Kf4 h6 44. Rg7+ Kf8 45. Rxb7 Rd3 46.
Ke5 Bf3 47. Nf6 Bh1 48. Rd7 Re3+ 49. Kd6 h5 50. Nxh5 Bf3 51. Nf6 Bd1 52. b6 Bc2
53. b7 Bg6 54. b8=Q+ Be8 55. Qxe8+ Rxe8 56. Nxe8 1-0

[Event "76. LJUBLJANSKA SAHOVSKA LIGA 2024"]
[Site "gostovanja"]
[Date "2024.04.04"]
[Round "7.7"]
[White "Kirasic, Branko"]
[Black "Kosem, Rok"]
[Result "1-0"]
[WhiteElo "1836"]
[BlackElo "1602"]
[PlyCount "95"]
[EventDate "2024.01.18"]
[WhiteTeam "SK VISNJA GORA - STICNA"]
[BlackTeam "SK DOL PRI LJUBLJANI"]

1. e4 c5 2. a3 g6 3. d4 cxd4 4. Qxd4 Nf6 5. Nc3 Nc6 6. Qd3 d6 7. f4 Bg7 8. Be2
O-O 9. Nf3 a6 10. h3 Nh5 11. O-O Ng3 12. Re1 Nxe2+ 13. Rxe2 b5 14. Be3 Be6 15.
Nd2 Na5 16. Bd4 Bxd4+ 17. Qxd4 Nc4 18. Nxc4 Bxc4 19. Rf2 Qc7 20. b3 e5 21. Qd2
Be6 22. f5 Rac8 23. Rf3 Qb6+ 24. Kh2 Qd4 25. Rd3 Qc5 26. fxe6 fxe6 27. Qe3 Qxe3
28. Rxe3 d5 29. exd5 exd5 30. Nxd5 Rxc2 31. Rxe5 Rff2 32. Rg5 a5 33. a4 b4 34.
Rd1 Kf7 35. Kg1 h6 36. Rg3 Ke6 37. Re3+ Kf5 38. Rf1 Rxf1+ 39. Kxf1 h5 40. Nb6
Rc1+ 41. Kf2 Rc2+ 42. Kf3 g5 43. Nc4 g4+ 44. hxg4+ hxg4+ 45. Kg3 Rc3 46. Kf2
Rc2+ 47. Re2 g3+ 48. Kf3 1-0